Eksport Lengkap — 

Hitmodedut ʻim ḳonfliḳṭim ba-tikhnun ha-ʻironi ṿeha-ezori : haʻarakhat yeśimutan shel gishot ḥilufiyot be-hitmaḳdut bi-khevishim artsiyim /

Disimpan dalam:
Butiran Bibliografi
Pengarang Utama: Ṿarensḳi, Ariʼelah.
Pengarang-pengarang Korporat: Ṭekhniyon, Makhon ṭekhnologi le-Yiśraʼel., Merkaz le-ḥeḳer ha-ʻir ṿeha-ezor (Haifa, Israel), Mosad ha-Ṭekhniyon le-meḥḳar u-fituaḥ (Haifa, Israel)
Format: Buku
Bahasa:Hebrew
Diterbitkan: Ḥefah : Merkaz le-ḥeḳer ha-ʻir ṿeha-ezor : Mosad ha-Ṭekhniyon le-meḥḳar u-fituaḥ : ha-Ṭekhniyon, Makhon Ṭekhnologi le-Yiśraʾel, 1994.
Siri:Sidrat meḥḳere ha-Merkaz le-ḥeḳer ha-ʻir ṿeha-ezor.
Subjek-subjek:
Penanda-penanda: Tambah Penanda
Tiada Penanda, Jadilah orang pertama menanda rekod ini!
LEADER 01301nam a22002777a 4500
001 009200599-3
005 20090713043531.0
008 030924s1994 is |||||||||||000|0|heb|d
035 0 |a ocm57628726 
100 1 |a Ṿarensḳi, Ariʼelah. 
245 1 0 |a Hitmodedut ʻim ḳonfliḳṭim ba-tikhnun ha-ʻironi ṿeha-ezori :  |b haʻarakhat yeśimutan shel gishot ḥilufiyot be-hitmaḳdut bi-khevishim artsiyim /  |c Ariʾelah Ṿarensḳi. 
260 |a Ḥefah :  |b Merkaz le-ḥeḳer ha-ʻir ṿeha-ezor :  |b Mosad ha-Ṭekhniyon le-meḥḳar u-fituaḥ :  |b ha-Ṭekhniyon, Makhon Ṭekhnologi le-Yiśraʾel,  |c 1994. 
300 |a 406 p. ;  |c 29 cm. 
490 1 |a Sidrat meḥḳere ha-Merkaz le-ḥeḳer ha-ʻir ṿeha-ezor 
502 |a Thesis (Ph.D.)--Universiṭat Ḥefah, 1994. 
650 0 |a City planning  |z Israel. 
650 0 |a Dispute resolution (Law)  |z Israel. 
650 0 |a Roads  |z Israel  |x Design and construction. 
650 0 |a Rural planning  |z Israel. 
710 2 |a Ṭekhniyon, Makhon ṭekhnologi le-Yiśraʼel. 
710 2 |a Merkaz le-ḥeḳer ha-ʻir ṿeha-ezor (Haifa, Israel) 
710 2 |a Mosad ha-Ṭekhniyon le-meḥḳar u-fituaḥ (Haifa, Israel) 
752 |a Israel  |d Haifa. 
830 0 |a Sidrat meḥḳere ha-Merkaz le-ḥeḳer ha-ʻir ṿeha-ezor. 
988 |a 20030924 
906 |0 MH